LEADER 01240nam1 2200397 450 001 990003349460203316 005 20091117163006.0 035 $a000334946 035 $aUSA01000334946 035 $a(ALEPH)000334946USA01 035 $a000334946 100 $a20091117d--------km-y0itay50------ba 101 $aeng 102 $aGB 105 $a||||||||001yy 200 1 $aLouis Aragon$eessai de bibliographie$fby Crispin Geoghegan 210 $aLondon$cGrant and Cutler 215 $av.$d23 cm 225 2 $aResearch bibliographies and checklists$v25 410 0$12001$aResearch bibliographies and checklists 454 1$12001 461 1$1001-------$12001 463 \1$1001990003349470203316$12001 $a<< v. 1. >> : Oeuvres d'Aragon$eTome 1$e1918-1959 463 \1$1001990003349480203316$12001 $a<< v. 2. >> : Oeuvres d'Aragon$eTome 2$e1960-1977 600 0 $aAragon, Louis$xBibliografia 676 $a016.84 700 1$aGEOGHEGAN,$bCrispin$0606757 801 0$aIT$bsalbc$gISBD 912 $a990003349460203316 951 $aVII.4.$bDSLL 959 $aBK 969 $aDSLL 979 $aDSLL$b90$c20091117$lUSA01$h1621 979 $aDSLL$b90$c20091117$lUSA01$h1630 996 $aLouis Aragon$91124578 997 $aUNISA LEADER 00938nam0 2200277 450 001 000025420 005 20090422171548.0 100 $a20090422d1980----km-y0itaa50------ba 101 0 $aita 102 $aIT 200 1 $aMusik. Franziska$fFrank Wedekind$ga cura e con introduzione di Lia Secci 210 $aBari$cDe Donato$dc1980 215 $a198 p.$d21 cm 225 2 $aRapporti 410 0$12001$aRapporti 676 $a832.91$v(21. ed.)$9Letteratura drammatica tedesca. 1900-1990 700 1$aWedekind,$bFrank$0158645 702 1$aSecci,$bLia 801 0$aIT$bUniversità della Basilicata - B.I.A.$gRICA$2unimarc 912 $a000025420 996 $aMusik. Franziska$989436 997 $aUNIBAS BAS $aLETTERE CAT $aEXT10$b01$c20090422$lBAS01$h1715 FMT Z30 -1$lBAS01$LBAS01$mBOOK$1BASA1$APolo Storico-Umanistico$2FMAS$BFondo Masini$3FMas/817/2208$6817/2208$5B817/2208$820090422$f04$FPrestabile Didattica